| 000 | 00593nam a22002177a 4500 | ||
|---|---|---|---|
| 003 | OSt | ||
| 005 | 20220107122825.0 | ||
| 008 | 170529b xxu||||| |||| 00| 0 eng d | ||
| 020 | _a9781847871770 | ||
| 040 | _cIIITMK | ||
| 082 | _a658.072 EAS/M | ||
| 100 |
_aEasterby-Smith, Mark _911650 |
||
| 245 | _aManagement research | ||
| 260 |
_aNew Delhi, _bSage Publications India pvt. Ltd., _c2008. |
||
| 300 | _axvi, 351p. | ||
| 650 |
_aMANAGEMENT _911651 |
||
| 650 |
_aMANAGEMENT RESEARCH _911652 |
||
| 700 |
_aThorpe, Richard _911653 |
||
| 700 |
_aJackson, Paul R. _911654 |
||
| 942 |
_2ddc _cBK |
||
| 999 |
_c5592 _d5592 |
||